| 000 | 00831nam a2200253 i 4500 | ||
|---|---|---|---|
| 001 | 16550 | ||
| 003 | ES-MaACL | ||
| 005 | 20250717063020.0 | ||
| 007 | t| | ||
| 008 | 001017s1990 sp ||||0| spa d | ||
| 016 | 7 | _zCEN920144032 | |
| 020 | _a84-87524-03-6 | ||
| 040 |
_aM-BN _bspa _cCEN |
||
| 080 | _a860-2"19" | ||
| 100 | 1 |
_aSastre, Alfonso, _d1926- _9103915 |
|
| 245 | 1 | 0 |
_aBurbury _b: comedia con alguna música / _cescrita sobre la obra de Oscar Wilde "La importancia de llamarse Ernesto" (o de ser formal según se mire) por Alfonso Sastre. |
| 260 |
_aBilbao : _bHiru, _cD.L. 1990. |
||
| 300 |
_a119 p. ; _c18 cm. |
||
| 490 | 0 | _aTeatro | |
| 700 | 1 |
_aWilde, Oscar, _d1854-1900 _9241147 |
|
| 830 | 0 |
_aTeatro (Argitaletxe Hiru) _9124859 |
|
| 852 |
_aES-MaACL _jL-23748 _bR.128746 |
||
| 999 |
_c16550 _d16550 |
||